Responses for Show #5368 - Wednesday, January 2, 2008

Dan Pawson game 5.

Contestants

[<< previous game]

Chris Falcinelli, an owner of a tutoring and test-prep business from Brooklyn, New York

Katy Halpern, a stay-at-home mom from Dublin, California

Dan Pawson, a legislative aide from Boston, Massachusetts (whose 4-day cash winnings total $86,100)

[next game >>]

Jeopardy! Round responses

EYE ON AFRICA
CRAIGS LIST
THE STAMP ACT
AN "A" IN AMERICAN HISTORY
IT'S ON THE TIP OF MY TONGUE
RHYME STOPPER
(Alex: Each correct response will rhyme with the word "stopper".)
    $200 11
Morocco

Chris
    $200 22
Jenny Craig

Katy
    $200 17
the Liberty Bell

Dan
    $200 6
the Alamo

Dan
    $200 12
Buckingham Palace

Dan
    $200 1
a whopper

Katy
    $400 13
Ghana

Dan
    $400 23
Daniel Craig

Dan
    $400 18
Islam

Dan
    $400 7
Appomattox Court House

Chris
    $400 24
yodeling

Katy
    $400 2
copper

Katy
    $600 14
Nigeria

Dan
    $600 25
The New York Times

Dan
    $600 19
the sunflower

Katy
    $600 8
Abigail Adams

Dan
    $600 26
fog

Triple Stumper
    $600 3
a chopper

Dan
    $800 15
Germany

Triple Stumper
    $800 29
(Chris: Who is Craig Claiborne?)

Craig Ferguson

KatyChris
    $800 20
Jamestown

Katy
    $800 9
the Aleutians

Dan
    $800 27
Ford

Chris
    $800 4
the Big Bopper

Katy
    $1000 16
(Katy: What is Burundi?)

Lesotho

KatyChris
    $1000 30
Cinderella Man

Triple Stumper
    $1000 21
(Louis Comfort) Tiffany

Chris
    $3,200 10
(Dean) Acheson

Dan
    $1000 28
(Louis) Pasteur

Chris
    $1000 5
a grasshopper

Dan

Scores at the first commercial break (after clue 16):

Dan Katy Chris
$7,600 $400 $1,600

Scores at the end of the Jeopardy! Round:

Dan Katy Chris
$9,200 $3,200 $3,600

Double Jeopardy! Round responses

AMELIA EARHART
THE NATIONAL RECORDING REGISTRY
(Alex: And that's the Library of Congress.)
SCIENCE CLASS
LET'S GET SAUCED
DEATH OF AN AUTHOR
"Z" END
(Alex: Each correct response will end with that letter of the alphabet.)
    $400 23
the Atlantic

Dan
    $400 16
Graceland

Katy
    $400 11
(Chris: What is the Cambrian?)

the Stone Age

Chris
Triple Stumper
    $400 21
(Dan: What is wine?)
(Alex: Be more specific.)

white wine

Dan
    $400 1
Jane Austen

Katy
    $400 5
Pez

Chris
    $800 24
(Alex: They were in the [*] business. Putnam's.)

publishing

Triple Stumper
    $800 17
Al Jolson

Chris
    $800 12
a base

Dan
    $800 22
hunter sauce

Triple Stumper
    $800 2
(Herman) Melville

Katy
    $800 7
a blintz

Dan
    $1200 25
a canary

Katy
    $5,000 18
(Chris: What is... um... Sweet... [*]?)

"Swing Low, Sweet Chariot"

Chris
    $1200 13
JPL (Jet Propulsion Laboratory)

Triple Stumper
    $1200 28
hollandaise

Dan
    $1200 3
(Mary) Shelley

Dan
    $1200 8
the Ritz

Dan
    $1600 26
(Chris: What is Kansas?)

Hawaii

Chris
Triple Stumper
    $1600 19
Huey Long

Dan
    $1600 14
(Dan: What's a kaleidoscope?)

a spectroscope

DanChris
    $1600 29
aioli

Katy
    $6,000 4
(Jonathan) Swift

Dan
    $1600 9
ersatz

Triple Stumper
    $2000 27
New Guinea

Triple Stumper
    $2000 20
James Brown

Chris
    $2000 15
(Dan: What's an erg?)

a joule

Dan
Triple Stumper
    $2000 30
remoulade

Triple Stumper
    $2000 6
(Oscar) Wilde

Dan
    $2000 10
hertz

Dan

Scores at the end of the Double Jeopardy! Round:

Dan Katy Chris
$23,200 $7,600 $11,400
(lock game)

[wagering suggestions for these scores]

Final Jeopardy! Round responses

THE BOX OFFICE
(Alex: [After Dan's response is revealed] No, there was a great deal of controversy over [*]. Remember that? Very violent film, earned a lot of money though, obviously!)
KatyWhat is Troy?
$7,500
ChrisWhat is Gladiator?
$3,800
DanWhat is Gladiator?
$200
The Passion of the Christ

Final scores:

Dan Katy Chris
$23,000 $100 $7,600
5-day champion: $109,100 3rd place: $1,000 2nd place: $2,000

Game dynamics:

Coryat scores:

Dan Katy Chris
$16,600 $7,600 $7,600
24 R
(including 2 DDs),
2 W
13 R,
1 W
11 R
(including 1 DD),
3 W

Combined Coryat: $31,800

[game clues] [game scores] [suggest correction]

Game tape date: 2007-10-16
The J! Archive is created by fans, for fans. Scraping, republication, monetization, and malicious use prohibited; this site may use cookies and collect identifying information. See terms. The Jeopardy! game show and all elements thereof, including but not limited to copyright and trademark thereto, are the property of Jeopardy Productions, Inc. and are protected under law. This website is not affiliated with, sponsored by, or operated by Jeopardy Productions, Inc. Join the discussion at JBoard.tv.